000 00643nam a22002417a 4500
003 UA-OsUOA
001 32590
007 ta
008 20050207b un ||||| |||| 00| 0 ukr d
100 _aЗаставенко Г.
090 _a94(477).065
_bЗ-36
942 _cBK
040 _aUA-OsUOA
_bukr
_cUA-OsUOA
_dUA-OsUOA
245 _aРозгром німецьких інтегрантів на Україні в 1918 році
300 _a108 с.
955 _a0
041 _aukr
080 _a94(477).065
260 _aКиїв
_bУкр. Вид. політ. літ-ри
_c1948
044 _aUA
650 7 _2UDC
999 _c319035
_d319035